Significado y verdad: ensayos de semántica filosófica

Պահպանված է:
Մատենագիտական մանրամասներ
Հիմնական հեղինակ: Hierro S. Pescador, José (Հեղինակ)
Ձևաչափ: Գիրք
Լեզու:իսպաներեն
Հրապարակվել է: Madrid Alianza 1990
Հրատարակություն:1a. ed
Շարք:Alianza Universidad, filosofía, 658
Խորագրեր:
Ցուցիչներ: Ավելացրեք ցուցիչ
Չկան պիտակներ, Եղեք առաջինը, ով նշում է այս գրառումը!

MARC

LEADER 00000nam a2200000 a 4500
001 UCJ2934
003 CL-VaPUC
008 070119e19900000SP |||||||||||||||||spa|d
020 |a 8420626589 
082 0 4 |a 401.43  |b HIE  |2 21 
100 |a Hierro S. Pescador, José  |e author  |9 504003 
245 1 0 |a Significado y verdad: ensayos de semántica filosófica 
250 |a 1a. ed 
300 |a 108 p 
942 |c BK 
945 |d 20070119 00:00:00  |a lvergara 
260 |a Madrid  |b Alianza  |c 1990 
500 |a Donación de la Dra. Marianne Peronard Thierry 
650 0 |a Semántica  |9 265318 
650 0 |a Filosofía del lenguaje  |9 257082 
650 0 |a Análisis del discurso  |9 256696 
583 |a last modification  |c 20070119 00:00:00  |k Rodrigo Vera 
490 0 |a Alianza Universidad, filosofía, 658 
999 |c 319062  |d 319060 
952 |0 0  |1 0  |4 0  |6 401_430000000000000_HIE_1990  |7 0  |8 A  |9 397297  |a FDOPOS  |b FDOPOS  |d 2019-11-22  |i 4313283  |o 401.43 HIE 1990  |p 4313283  |r 2025-01-22  |w 2019-11-22  |y BK  |k MLA